| 000 | 01184nam a22002777a 4500 | ||
|---|---|---|---|
| 005 | 20170123162348.0 | ||
| 010 | _aB-208801 | ||
| 020 |
_c275.00 _a8182232120 |
||
| 035 | _aB-208801 | ||
| 037 | _bCen Lib/Ret | ||
| 040 |
_aDPL _bUR |
||
| 082 |
_a923.547 _bم ح م |
||
| 100 |
_aاجیت جاوید _9135077 |
||
| 245 |
_aسیکولر اینڈ نیشنلسٹ جناح / _cاجیت جاوید ؛ مرتجم محمّد عمر برنی |
||
| 246 |
_aSecular and nationalist Jinnah / _bby Ajeet Jawed ; translated by Mohd. Umer Barni |
||
| 260 |
_aدہلی _bایجوکیشنل پبلشنگ ہاؤس _c2006 |
||
| 270 |
_a٣١٠٨، گلی عزیزددیں وکیل کوچہ پنڈت لال کوان _bدہلی _e110006 |
||
| 300 |
_a320p. _c21cm(Hb) |
||
| 500 | _aکتابیات و اشاریت | ||
| 650 |
_aجناح، محمد علی، - 1876-1948. _9135078 |
||
| 650 |
_aوزرائے اعظم - پاکستان - سوانح حیات. _9135079 |
||
| 650 |
_aJinnah, Mahomed Ali, -- 1876-1948. _930786 |
||
| 650 |
_aPrime ministers -- Pakistan -- Biography. _928505 |
||
| 700 |
_aجاوید، اجیت _9135080 |
||
| 942 |
_2ddc _cUR _h923.547 _mم ح م |
||
| 999 |
_c109074 _d109074 |
||